Vstup do EÚ a intenzita výroby v slovenskom poľnohospodárstve

Na minha lista:
Detalhes bibliográficos
Autor principal: Grznár, Miroslav
Formato: Capítulo de Livro
Idioma:eslovaco
Tags: Adicionar Tag
Sem tags, seja o primeiro a adicionar uma tag!

MARC

LEADER 00000nla$a2200000$$$4500
001 0061949
005 20240502071710.7
041 0 |a slo 
044 |a SK 
245 1 0 |a Vstup do EÚ a intenzita výroby v slovenskom poľnohospodárstve  |c Miroslav Grznár 
100 1 |a Grznár, Miroslav